| 000 | 00771nam a22002777a 4500 | ||
|---|---|---|---|
| 003 | CHAP | ||
| 005 | 20220329140528.0 | ||
| 008 | 971013s1961 r 00010 d | ||
| 010 | _a53386 | ||
| 011 | _a54358 | ||
| 035 | _a58509 | ||
| 040 | _cCHAP | ||
| 082 |
_a574 _bW45 |
||
| 100 | 0 | 0 |
_aWeisz, Paul B. _9121404 |
| 245 | _aElements of biology | ||
| 260 |
_aNew York : _bMcGraw-Hill, _c1961 |
||
| 300 |
_a491 p. _b: ilus. |
||
| 590 |
_aBATCH-UPD _b10 _c20130110 _lUCH01 _h0759 |
||
| 590 |
_aBATCH-UPD _b10 _c20130410 _lUCH01 _h0438 |
||
| 590 |
_aBATCH-UPD _b10 _c20130914 _lUCH01 _h0634 |
||
| 590 |
_aCONVERSION _b10 _c20130109 _lUCH01 _h1329 |
||
| 650 | 1 | 4 |
_aBiologĂa. _912773 |
| 901 | _aBK | ||
| 942 | _cLIBRO | ||
| 949 |
_a574 W45 _bBC _cMUT _d-126962 _eMUT _h8046 _i58509 _si |
||
| 999 |
_c53386 _d53386 |
||